000 01134nam a22002657a 4500
005 20240530110512.0
008 151215s2013 ua a g 000 0 ara d
017 _a2012/11373
_bمصر . دار الكتب المصرية
020 _a9789773279839
040 _aEG-CaGPL
082 0 4 _221
_a953\
_bر ع
100 0 _aرمضان ابراهيم علام .
245 1 2 _aالعالم الاسلامى بين مصادر القوة و عوامل الضعف :
_bالبحث الحائز على الجائزة التشجيعية /
_cرمضان ابراهيم علام .
250 _aط1.
260 _aالاسكندرية :
_bدار الوفاء لدنيا الطباعة و النشر ،
_c2013 .
300 _a331 ص ؛
_c24 سم .
650 0 4 _aعصر النبوة .
650 0 4 _aعصر الخلافة العباسية .
650 0 4 _aالمرأة
_xدورها فى الاسلام .
650 0 4 _aعصر الخلافة .
651 0 4 _aالعالم الاسلامى
_xتاريخ .
651 0 4 _aالعالم الاسلامى
_xمصادر القوة .
942 _2ddc
_cBK
999 _c61704
_d61704